000 00990nam a2200241Ia 4500
999 _c39817
_d39817
001 6422
003 GE_BSU
005 20191115113434.0
008 181216s2012||||ge |||||||||||||| ||geo||
040 _cGE_BSU
041 _ageo
080 _a339 ე-91
245 _aექსპორტ-იმპორტი :
_bგზამკვლევი /
_cტექსტზე მუშ. ლ. კომახიძე, გ. ღაღანიძე და სხვ.
264 _aბათუმი,
_c2011-2012.
300 _a84 გვ. :
_bილ.;
_c21 სმ.
490 _aვაჭრობის ხელშეწყობის ცენტრი
653 _aეკონომიკა
653 _aვაჭრობა
653 _aგზამკვლევი
700 _aკომახიძე, ლ.
_eტექსტის ავტ.
_95355
700 _aღაღანიძე, გ. და სხვ.
_eტექსტის ავტ.
_95356
942 _cBK
_2udc